ការស្ដារឡើងវិញនូវការបំផ្លិចបំផ្លាញបរិស្ថាននៅក្នុងសមុទ្រចិនភាគខាងត្បូង និងឈូងសមុទ្រថៃ (Record no. 9315)

000 -LEADER
fixed length control field 00488nam a22001217a 4500
040 ## - CATALOGING SOURCE
Transcribing agency SY
082 ## - DEWEY DECIMAL CLASSIFICATION NUMBER
Classification number 577
100 ## - MAIN ENTRY--AUTHOR NAME
Personal name UNEP
245 ## - TITLE STATEMENT
Title ការស្ដារឡើងវិញនូវការបំផ្លិចបំផ្លាញបរិស្ថាននៅក្នុងសមុទ្រចិនភាគខាងត្បូង និងឈូងសមុទ្រថៃ
260 ## - PUBLICATION, DISTRIBUTION, ETC. (IMPRINT)
Place of publication នាយកដ្ឋានជលផល
Name of publisher UNEP
Year of publication 2005
300 ## - PHYSICAL DESCRIPTION
Number of Pages 51p.
942 ## - ADDED ENTRY ELEMENTS (KOHA)
Koha item type សៀវភៅភាសាខ្មែរ
952 ## - LOCATION AND ITEM INFORMATION (KOHA)
Withdrawn status [LOCAL, KOHA] 0
952 ## - LOCATION AND ITEM INFORMATION (KOHA)
Withdrawn status [LOCAL, KOHA] 0
Holdings
Permanent Location Date acquired Koha item type Lost status Shelving location Barcode Current Location Full call number
Library Block C2016-08-31សៀវភៅភាសាខ្មែរ C175RUA44068Library Block C577 UNEP 2005 C175
Library Block C2016-08-31សៀវភៅភាសាខ្មែរ C185RUA42108Library Block C577 UNEP 2005 C185
មជ្ឈមណ្ឌលឯការនៃសាកលវិទ្យាល័យភូមិន្ទកសិកម្មចំការដូង

Powered by Koha